000 00464nam a2200181Ia 4500
001 24122
005 20260414151022.0
008 260414t1982||||xx |||||||||||||| ||spa||
041 _aESP
082 _a759.985
_bJ81
100 _aGjurinovic Canrvaro, Pedro [coord.]
_eAUT
245 0 _aJuan Manuel Ugarte Elespuru :
_bobra retrospectiva
260 _c1982
300 _a176 páginas :
_c26 cm.
650 _aABD
654 _aCAU
942 _cLIB
_dJUS
_fJUS
_2ddc
_n
999 _c24122
_d24122